Orange is the New Black - Characters #1 - Statistics

General Stats
  • This quiz has been taken 2,013 times
  • The average score is 12 of 15
Answer Stats
Hint Answer % Correct
The main character of the series. Piper Chapman
99%
The ex-girlfriend of #1. Alex Vause
98%
She runs the kitchen and keeps her girls in line. Galina "Red" Reznikov
97%
Her eyes may be her most defining feature. She declares #1 to be her "dandelion." Suzanne "Crazy Eyes" Warren
94%
A junkie lesbian who keeps things real. Nicky Nichols
83%
The guard who is accused of rape. George "Pornstache" Mendez
82%
The hopeful romantic of the prison, she constantly plans her wedding. Lorna Morello
82%
The inmate impregnated by ^. Dayanara Diaz
81%
The "butch" lesbian who enjoys a friendly competition with the lesbian junkie. Big Boo
79%
A counselor at the prison who seems to have it out for lesbians. Sam Healy
74%
The transgender inmate with family problems. Sophia Burset
74%
Religious devotee who demands respect or else she gets violent. Tiffany "Pennsatucky" Doggett
73%
A guard who gets one of the inmates pregnant. John Bennett
68%
The mute inmate who sings at the Christmas pageant at the end of season 1. Norma Romano
62%
The would be track-runner. Janae Watson
39%
No matching quizzes found
Score Distribution
Percent of People with Each Score
Percentile by Number Answered
Your Score History
You have not taken this quiz